00420nam a2200169Ia 4500003000400000005001700004008004100021020001500062050002400077100002100101245003900122260003500161300003300196440000600229521000700235526000800242OSt20140319134021.0140130s9999 xx 000 0 und d a0590631179 aPZ 7b.B7633Oo 1998 aBridwell, Norman aOops, Clifford /cNorman Bridwell. bScholastic,c1998.aNew York : a30 p. :bcol. ill. ;c20 cm. v1 aG2 c430